Sổ tay kiến thức khoa học và đời sống dành cho học sinh tiểu học

Đã lưu trong:
书目详细资料
其他作者: Kiều, Thị Bích Thủy, Lê, Thị Ngọc Diệp, Đỗ, Thị Thanh Hương, Đào, Tiến Thi, Lê, Thị Thu Huyền, Lương, Việt Thái, Lục, Thị Nga, Nguyễn, Trại (Chủ biên), Nguyễn, Tuyết Nga, Nguyễn, Đăng Phương, Vũ, Xuân Đỉnh
格式: 图书
语言:Vietnamese
出版: Hà Nội Giáo Dục 2009
主题:
标签: 添加标签
没有标签, 成为第一个标记此记录!
Thư viện lưu trữ: Trung tâm Học liệu Lê Vũ Hùng, Trường Đại học Đồng Tháp
LEADER 01306aam a22003618a 4500
001 00031030
008 130830s2009 ||||||viesd
005 20171026081025.0
020 |c 125000 
041 0 # |a vie 
082 1 4 |a 372.3  |b S450T 
245 1 0 |a Sổ tay kiến thức khoa học và đời sống dành cho học sinh tiểu học  |c Nguyễn Trại (ch.b); Lê Thị Ngọc Diêp, Vũ Xuân Đỉnh,...[và nh. ng. khác] 
260 # # |a Hà Nội  |b Giáo Dục  |c 2009 
300 # # |a 320 tr.  |b ảnh màu  |c 22 cm. 
653 # # |a Khoa học 
653 # # |a Sổ tay kiến thức 
653 # # |a Tiểu học 
653 # # |a Đời sống 
700 1 # |a Kiều, Thị Bích Thủy 
700 1 # |a Lê, Thị Ngọc Diệp 
700 1 # |a Đỗ, Thị Thanh Hương 
700 1 # |a Đào, Tiến Thi 
700 1 # |a Lê, Thị Thu Huyền 
700 1 # |a Lương, Việt Thái 
700 1 # |a Lục, Thị Nga 
700 1 # |a Nguyễn, Trại  |e Chủ biên 
700 1 # |a Nguyễn, Tuyết Nga 
700 1 # |a Nguyễn, Đăng Phương 
700 1 # |a Vũ, Xuân Đỉnh 
852 # # |b Kho đọc  |j KD.0014874 
852 # # |j KD.0014874 
910 |d 8/2013 
980 # # |a Trung tâm Học liệu Lê Vũ Hùng, Trường Đại học Đồng Tháp